A survey on perception of teachers, parents and students in learning songs with explicit lyrics /
Saved in:
| 主要作者: | |
|---|---|
| 格式: | Thesis 圖書 |
| 語言: | English |
| 出版: |
2018.
|
| 主題: | |
| 在線閱讀: | http://studentsrepo.um.edu.my/11307/ |
| 標簽: |
添加標簽
沒有標簽, 成為第一個標記此記錄!
|
| LEADER | 01485nam a2200361 i 4500 | ||
|---|---|---|---|
| 001 | u694332 | ||
| 003 | SIRSI | ||
| 008 | 180307s2018 my a m 00010 eng | ||
| 040 | |a UMM |d AUM |e rda | ||
| 043 | |a a-my--- | ||
| 090 | |a PN2037 |b A2 UM 2018 Lin | ||
| 100 | 1 | |a Ling, Jeanie Ching, |e author. | |
| 245 | 1 | 2 | |a A survey on perception of teachers, parents and students in learning songs with explicit lyrics / |c Jeanie Ling Ching. |
| 264 | 1 | |c 2018. | |
| 300 | |a xv, 180 leaves ; |c 30 cm. | ||
| 336 | |a text |2 rdacontent | ||
| 337 | |a unmediated |2 rdamedia | ||
| 337 | |a computer |2 rdamedia | ||
| 338 | |a volume |2 rdacarrier | ||
| 338 | |a computer disc |2 rdacarrier | ||
| 502 | |b M.A.Perform.Arts |c Pusat Kebudayaan, Universiti Malaya |d 2018. | ||
| 504 | |a Bibliography: leaves 125-130. | ||
| 530 | |a Also issued in CD. | ||
| 650 | 0 | |a Music |x Study and teaching |z Malaysia. | |
| 650 | 0 | |a Music in education |z Malaysia. | |
| 650 | 0 | |a Hip-hop |z Malaysia |x Influence. | |
| 650 | 0 | |a Rap (Music) |x Social aspects |z Malaysia. | |
| 710 | 2 | |a Universiti Malaya. |b Pusat Kebudayaan, |e degree granting institution. | |
| 856 | 4 | 1 | |u http://studentsrepo.um.edu.my/11307/ |
| 596 | |a 1 25 | ||
| 900 | |a NSM | ||
| 999 | |a PN2037 A2 UM 2018 LIN |w LC |c 1 |i A516174731 |d 3/7/2018 |f 3/7/2018 |g 1 |l RESTRICTED |m P01UTAMA |r Y |s Y |t TESIS |u 26/3/2018 |1 AHSS |o .PUBLIC. Embargoed until 5.1.2020. |o .STAFF. | ||
| 999 | |a PN2037 A2 UM 2018 LIN |w LC |c 1 |i A516877117 |f 25/6/2020 |g 1 |l STACKS |m P25UMARCHI |r N |s Y |t CD |u 25/6/2020 |1 AHSS |o .STAFF. MST-CD277 | ||
